Germany’s neighbors - Statistics

General Stats
  • This quiz has been taken 16 times
  • The average score is 8 of 9
Answers on the Map
Answers color-coded by a green-red scale on the quiz's map according to % correct below.
 
Answer Stats
Answer % Correct
Austria
93%
Belgium
93%
France
93%
Netherlands
93%
Denmark
87%
Poland
87%
Czech Republic
80%
Luxembourg
80%
Switzerland
80%
No matching quizzes found
Score Distribution
Percent of People with Each Score
Percentile by Number Answered
Your Score History
You have not taken this quiz